000 00765nas a2200265 4500
001 BR2013008659
003 BR-BrBNA
005 20231205123135.0
007 ta
008 230509b bl.|||p| |||| 00| 00por d
040 _aBR-BrBNA
_bpor
_cBiblioteca Nacional de Agricultura
041 _a(Pt)
072 _aJ11; F03
100 1 _aCamargo, R. de
100 1 _aCarvalho, M.L.M. de
245 1 _aArmazenamento a vácuo de semente de milho doce
650 _aMILHO DOCE
650 _aSEMENTE
650 _aARMAZENAMENTO
650 _aEMBALAGEM
650 _aFUNGO
773 0 _tRevista Brasileira de Sementes (Brazil)
_xISSN 0101-3122
_g(Apr 2008), v. 30(1) p. 131-139
_wBR2013008659
909 _a202311
_bLúcia
_c55
_dLúcia Elande
942 _2AGRIS
_n0
_cANA
999 _c232374
_d232374